000 01507 a2200265 4500
001 15964
005 20260407155451.0
008 260407a2001 arg spa d
003 AR-UNSa-BCEJYS
040 _aAR-UNSa-BCEJYS
_bspa
_cAR-UNSa-BCEJYS
080 _a519.2
_xProbabilidades y estadística matemática
245 1 0 _aEstadística para administración
020 _a968-444-456-7
250 _a2a. ed
264 1 _aMéxico :
_bPearson Educación
_c2001
300 _axviii, 734 p.
_c25 cm.
505 _a1. Introducción y recopilación de datos - 2. Presentación de datos en tablas y gráficas - 3. Resumen y descripción de datos numéricos - 4. Probabilidad básica y distribuciones de probabilidad - 5. Distribuciones muestrales y estimación de intervarlos de confianza - 6. Fundamentos de pruebas de hipótesis: pruebas con una muestra - 7. Pruebas con dos muestras y c muestras con datos categóricos - 8. Pruebas de dos muestras y c muestras con datos categóricos - 9. Regresión lineal simple y correlación - 10. Modelos de regresión múltiple - 11. Análisis de series de tiempo - 12. Aplicaciones estadística en la administración de la calidad y productividad
041 _aspa
942 _cBK
590 _aniveau_biblio:m niveau_hierar:0
100 1 _aBerenson, Mark L.
700 1 _aLevine, David M.
700 1 _aKrehbiel, Timothy C.
856 4 1 _uhttps://biblioeco.unsa.edu.ar/pmb/images/libros/Estadistica para adminstracion-l87735.jpg
_yImagen de portada
_qimage/jpeg
999 _c667
_d667